Egy Arisztotelész mondat

Elmentve itt :
Bibliográfiai részletek
Szerző: Tamás Gáspár Miklós
Adatforrás:Philobibl
Forrásdokumentuma:Echinox, 1970/11
13. p.
Dokumentumtípus: Cikk
Nyelv:magyar
Kulcsszavak:görög filozófia
LEADER 00318nab a2200109 c 4500
001 bibDOK00016754
005 20200924121114.3
008 060518s1970 hu hun
100 1 |a Tamás Gáspár Miklós 
245 1 4 |a Egy Arisztotelész mondat  |c Tamás Gáspár Miklós 
695 |a görög filozófia 
773 0 |t Echinox, 1970/11  |g 13. p.